00672nam a2200169 a 4500003000200000005001700002008004100019050002500060100002900085245010600114260009000220300004000310504004100350650004600391650003500437650003000472020250214141827.0110617s19uu xx 00 eng d aPHS HC 443bL45 2011 aLazo, Giuliano Miguel C. aTo what extent did the Vietnam war affect the economic status of Vietnam? /cGuiliano Miguel C. Lazo. aLas Piñas City, Philippines :bSouthville International School and Colleges,c2011. a35 pages :billustrations ;c28 cm. aIncludes bibliographical references. aVietnam War, 1961-1975xEconomic aspects. aEconomic developmentzVietnam. aWar and economyzVietnam.